00447nam a2200157Ia 4500008004100000040001900041041001200060082002400072100002100096245006300117260002800180300002500208504001900233650001900252850001800271131103s9999 xx 000 0 und d aLoreto College aEnglish a796/CLAbLCBED/1737 aClarke, Edith R. aActivities and games for tropical schoolscEdith R. Clarke aLondonbMacmillanc1964 a119p.b pic.c 21cm. aIncludes index aSports & games aLCBED/796/CLA